Visualizzazione normale
Vista MARC
- Busellato G., Ardone R., Dell'Antonio A.M., Canevelli F.,
di Personal Name
Records bibliografici associati: 1
001 - CONTROL NUMBER
- control field: 61573
003 - CONTROL NUMBER IDENTIFIER
- control field:
005 - DATE AND TIME OF LATEST TRANSACTION
- control field: 20250218145439.0
008 - FIXED-LENGTH DATA ELEMENTS
- fixed length control field: 250218|| aca||aabn | a|a d
040 ## - CATALOGING SOURCE
- Original cataloging agency:
- Transcribing agency:
100 ## - HEADING--PERSONAL NAME
- Personal name: Busellato G., Ardone R., Dell'Antonio A.M., Canevelli F.,
- Personal name: Mastropaolo L., Marzotto C
670 ## - SOURCE DATA FOUND
- Source citation: Work cat.: ()207590: Bernardini Irene (a cura di) 61572, Il mediatore familiare. Il campo di azione, il profilo professionale, la formazione, la deontologia, 1994